00391nam a2200145Ia 4500003000900000008004100009040003300050041000800083080001200091100002700103245004100130260004000171300001800211650001600229LK-CoDNM010623t1960 xxu||||| |||| 00| 1 eng d aLK-CoDNMdLK-CoDNMeLK-CoDNM aeng a77bMEL aMele,Pietro Francesco. aCeylon : A Collection of Photographs bK.V.G.de Silva SonsaColomboc1960 b76ill., 21 cm aPhotography